Killer queen- Mad Tsai lyrics - Statistics

General Stats
  • This quiz has been taken 10 times
  • The average score is 201 of 317
Answer Stats
Answer % Correct
17
86%
a
86%
and
86%
at
86%
be
86%
beauty
86%
dress
86%
her
86%
her,
86%
in
86%
killer
86%
motherfucking
86%
Prom
86%
prom
86%
psychopath
86%
queen
86%
queen,
86%
she
86%
she’s
86%
the
86%
There
86%
there
86%
all
71%
beautiful
71%
blood
71%
boy
71%
boys
71%
but
71%
every
71%
finger,
71%
girl,
71%
girl
71%
girls
71%
had
71%
most
71%
on
71%
’round
71%
so
71%
this
71%
those
71%
to
71%
town
71%
wanted
71%
was
71%
when
71%
who
71%
with
71%
world
71%
wrapped
71%
you
71%
ask
57%
asks
57%
behind
57%
blood-stained
57%
broken
57%
by
57%
can’t
57%
careful
57%
cheerleaders
57%
dance
57%
dates
57%
dead
57%
devil
57%
emerald
57%
end
57%
eyes,
57%
fill
57%
Fill
57%
hands
57%
has
57%
just
57%
light
57%
might
57%
plan,
57%
school,
57%
trace
57%
up
57%
without
57%
would
57%
angel
43%
breathe
43%
’cause
43%
cross
43%
day
43%
disappears
43%
everyone
43%
feet
43%
get
43%
halls
43%
heart
43%
heart,
43%
if
43%
kerosene
43%
mess
43%
never
43%
oh
43%
one
43%
only
43%
out
43%
path,
43%
push
43%
revenge
43%
she’ll
43%
six
43%
sold
43%
soul
43%
talk
43%
’til
43%
under
43%
walk
43%
whisper
43%
your
43%
back
29%
break
29%
comes
29%
crown
29%
for
29%
herself
29%
jocks
29%
killed
29%
lies
29%
of
29%
piece
29%
seeks
29%
shove
29%
surprise
29%
tears
29%
they’d
29%
Tries
29%
crowned
14%
dancing
14%
gonna
14%
head
14%
hell
14%
into
14%
know
14%
lose
14%
meet
14%
name
14%
sink
14%
skin
14%
will
14%
you’re
14%
desguise
0%
No matching quizzes found
Score Distribution
Percent of People with Each Score
Percentile by Number Answered
Your Score History
You have not taken this quiz